| 000 | 00572nam a2200217Ia 4500 | ||
|---|---|---|---|
| 003 | OSt | ||
| 005 | 20220926044207.0 | ||
| 006 | a|||||r|||| 00| 0 | ||
| 007 | ta | ||
| 008 | 220923b |||||||| |||| 00| 0 eng d | ||
| 037 | _cGeneral Book | ||
| 040 |
_aRTL _cRTL _beng |
||
| 041 |
_2eng _aeng |
||
| 082 | _aT55.2.N6, K9 | ||
| 100 |
_aSen N B Ed. _945309 |
||
| 245 | 0 | _aProgress of women's education in free India | |
| 260 | _c1969 | ||
| 650 |
_aWomen - Education _925383 |
||
| 942 |
_hT55.2.N6, K9 _cGB _2CC |
||
| 999 |
_c674199 _d674199 |
||